| 000 | 01512nam a2200313 i 4500 | ||
|---|---|---|---|
| 003 | CSPC | ||
| 005 | 20250212095453.0 | ||
| 008 | 250210s2017 nyu 000 0 eng d | ||
| 020 | _a9781250822871 | ||
| 040 |
_cCSPC _aCSPC _beng _erda |
||
| 050 | 0 | 0 | _aPZ7.M4274 |
| 100 | 1 |
_aMathieu, Jennifer, _eauthor. |
|
| 245 | 1 | 0 |
_aMoxie : _ba novel / _cJennifer Mathieu. |
| 264 | 1 |
_aNew York : _bRoaring Brook Press, _c2017. |
|
| 300 |
_a330 pages ; _c21 cm. |
||
| 336 |
_atext _2rdacontent |
||
| 337 |
_aunmediated _2rdamedia |
||
| 338 |
_avolume _2rdacarrier |
||
| 520 | _aVivian Carter is fed up with a high school administration that thinks the football team can do no wrong. Fed up with sexist dress codes, hallway harassment, and gross comments from guys during class. But most of all, Viv is fed up with always following the rules. Her mom was a tough-as-nails, punk rock Riot Grrrl in the '90s, and now Viv takes a page from her mother's past and creates a feminist zine that she distributes anonymously to her classmates. She's just blowing off steam, but what she has started is nothing short of a girl revolution. | ||
| 650 | 0 |
_aFeminism _xFiction. |
|
| 650 | 0 |
_aHigh schools _xFiction. |
|
| 650 | 0 |
_aSchools _xFiction. |
|
| 650 | 0 |
_aSexism _xFiction. |
|
| 650 | 0 |
_aZines _xFiction. |
|
| 650 | 0 |
_aMothers and daughters _xFiction. |
|
| 651 |
_aTexas _xFiction. |
||
| 942 |
_2ddc _n0 _cBK _h813.6 _iM426m _kFIC _m2017 |
||
| 999 |
_c28805 _d28805 |
||